00410nam a2200145Ia 4500008004100000100003400041245004300075245003300118260002000151260000900171300001700180440002000197650001800217650002900235190516s9999 xx 000 0 und d aMarticio, Marie Tonette Grace aSouthern Leyte opens malasakit center/ cMarie Tonette Grace Marticio bManila Bulletin c2018 aSeptember 24 aManila Bulletin aHealth center aSouthern Leyte (Visayas)